Rozpoznaj streamera po zdjęciu #2 - Statystyki

Ogólne statystyki
  • Ten quiz został rozwiązany 136 razy
  • Średni wynik to 10 z 16
Statystyki odpowiedzi
Obrazkowy Odpowiedź % Poprawnych
YoungMulti
97%
IzakOOO
90%
meduska
80%
EWROON
75%
1wron3k
73%
PAGO3
73%
MokrySuchar
71%
ZONY
70%
xntentacion
59%
LukiSteve
52%
RandomBruceTV
50%
RybsonLoL_
47%
NEEXcsgo
43%
Slayproxx
37%
vysotzky
37%
srokaaa_
30%
Nie znaleziono quizów pasujących do podanych kryteriów
Rozkład punktacji
Procent ludzi z każdym wynikiem
Percentyl według liczby udzielonych odpowiedzi
Twoja historia wyników
Nie rozwiązałeś tego quizu